Statistiques concernant Personnalités photographiées avec Raymond Poincaré

Cliquez ici pour prendre le quiz!

Statistiques générales

  • Ce quiz a été pris 104 fois
  • Le résultat moyen est 6 sur 20

Statistiques - réponses

Réponse% Correct
Georges Clemenceau
89%
Winston Churchill | Arthur Balfour
77%
Nicolas II
62%
Ferdinand Foch
58%
Woodrow Wilson
51%
Lloyd George
39%
Benito Mussolini
35%
Joseph Joffre
33%
Paul Deschanel
33%
Alexandre Millerand
28%
Armand Fallières
25%
Aristide Briand
21%
Gaston Doumergue
21%
George V
21%
Henriette Poincaré
18%
Edouard Herriot
16%
Alphonse XIII
6%
Victor-Emmanuel III
5%
Frédéric Mistral
2%
Paul Painlevé
2%

Distribution des résultats

Percentile par nombre de réponses

% des personnes avec chaque résultat

Votre développement - résultats

Vous n’avez pas pris ce quiz